Wykresy charakteryzujące rozwój życia gospodarczego Polski w latach 1924-1927 włącznie. (Record no. 16621)

MARC details
000 -LEADER
fixed length control field 00626cam a22002051 4500
001 - CONTROL NUMBER
control field ca 30000353
003 - CONTROL NUMBER IDENTIFIER
control field DLC
005 - DATE AND TIME OF LATEST TRANSACTION
control field 20260227111122.0
008 - FIXED-LENGTH DATA ELEMENTS--GENERAL INFORMATION
fixed length control field 930119s1928 pl a 000 0 pol
010 ## - LIBRARY OF CONGRESS CONTROL NUMBER
LC control number ca 30000353
035 ## - SYSTEM CONTROL NUMBER
System control number (OCoLC)27292128
040 ## - CATALOGING SOURCE
Original cataloging agency DLC
Transcribing agency CU
Modifying agency DLC
042 ## - AUTHENTICATION CODE
Authentication code premarc
050 00 - LIBRARY OF CONGRESS CALL NUMBER
Classification number HC337.P7
Item number B35
100 1# - MAIN ENTRY--PERSONAL NAME
Personal name Bartel, Kazimierz.
245 10 - TITLE STATEMENT
Title Wykresy charakteryzujące rozwój życia gospodarczego Polski w latach 1924-1927 włącznie.
260 ## - PUBLICATION, DISTRIBUTION, ETC.
Place of publication, distribution, etc. Warszawa,
Name of publisher, distributor, etc. Prezydjum rady ministrów,
Date of publication, distribution, etc. 1928.
300 ## - PHYSICAL DESCRIPTION
Extent 4 p.l.,
Other physical details 28 diagr.
Dimensions 30 cm.
651 #0 - SUBJECT ADDED ENTRY--GEOGRAPHIC NAME
Geographic name Poland
General subdivision Economic conditions
Chronological subdivision 1918-1945.

No items available.

Powered by Koha